ロード中...

Principles of management: an analysis of managerial functions

書誌詳細
第一著者: Koontz, Harold
その他の著者: Cyrill O'donnell
言語:English
出版事項: Tokyo McGraw-Hill 1972
版:5th ed
LEADER 00527nam a2200229 a 4500
001 adlib96000001
003 ViArRB
005 20151026132936.0
008 960221s1955 dcuabcdjdbkoqu001 0deng d
020
022
040 |a Adlib 
082 |a 65.01 
245 |a Principles of management: an analysis of managerial functions 
250 |a 5th ed 
260 |a Tokyo  |b McGraw-Hill  |c 1972 
300 |a x,748p. 
500 |a   
100 |a Koontz, Harold 
700 |a Cyrill O'donnell 
942 |c BK  |6 _ 
999 |c 59807  |d 59807